header

New blood (Record no. 191677)

MARC details
000 -LEADER
fixed length control field 01265nam a2200313Ia 4500
082 04 - DEWEY DECIMAL CLASSIFICATION NUMBER
Classification number 305.4209/049
100 1# - MAIN ENTRY--AUTHOR NAME
Personal name Bobel, Chris,
245 10 - TITLE STATEMENT
Title New blood
260 ## - PUBLICATION, DISTRIBUTION, ETC. (IMPRINT)
Place of publication New Brunswick, NJ :
Name of publisher Rutgers University Press,
Year of publication c2010.
300 ## - PHYSICAL DESCRIPTION
Number of Pages xvii, 238 p. :
Other physical details ill.
650 #0 - SUBJECT ADDED ENTRY--TOPICAL TERM
Topical Term Third-wave feminism.
Topical Term Menstruation
856 40 - ELECTRONIC LOCATION AND ACCESS
Uniform Resource Identifier http://site.ebrary.com/lib/rucke/Doc?id=10393238

No items available.

© 2026 Rongo University
Contact us: librarian | system librarian | Rongo university